[Event "Otocec Krka Terme op"]
[White "Bevc Taranis, Tin"]
[Black "Kaluza, Dominik"]
[Site "Otocec"]
[Round "8"]
[Result "0-1"]
[Date "2018.12.28"]
[WhiteElo "1050"]
[BlackElo "1523"]
[PlyCount "110"]
[EventDate "2018.12.25"]
[EventType "swiss"]
[EventRounds "9"]
[EventCountry "SLO"]
[SourceTitle "EXT 2020"]
[Source "ChessBase"]
[SourceDate "2019.10.17"]
[SourceVersion "1"]
[SourceVersionDate "2019.10.17"]
[SourceQuality "1"]

1. e4 c6 2. Nf3 d5 3. exd5 cxd5 4. d4 Bf5 5. Bf4 a6 6. Nc3 e6 7. Be2 Nf6 8. a3 Nc6 9. 0-0 Be7 10. Bd3 Bg6 11. Qd2 0-0 12. Rae1 Rc8 13. Be5 Nd7 14. Bf4 Nf6 15. Bg5 Re8 16. Qf4 Bxd3 17. cxd3 Qb6 18. b4 Nxd4 19. Rc1 Rxc3 20. Nxd4 Rxd3 21. Nc2 Rc3 22. Qe5 Rc4 23. Ne3 Rxc1 24. Rxc1 h6 25. Bxf6 Bxf6 26. Qc7 Bd4 27. Qxb6 Bxb6 28. a4 a5 29. bxa5 Bxa5 30. Rc5 b6 31. Rc6 g6 32. g3 Kg7 33. Ng4 h5 34. Ne5 Ra8 35. Nd7 Ra7 36. Rd6 Bb4 37. Rxb6 Rxa4 38. Ne5 Ra1+ 39. Kg2 Bc3 40. Nf3 Ra2 41. Rc6 Bf6 42. h4 Ra4 43. Rc2 Rc4 44. Rd2 Be7 45. Rd3 Bc5 46. Ne5 Rc2 47. Rf3 f6 48. Nd7 Bd4 49. Nb8 e5 50. Na6 e4 51. Rb3 Rxf2+ 52. Kh3 g5 53. hxg5 fxg5 54. Rb7+ Kf6 55. Rd7 g4+ 0-1

[Event "Otocec Krka Terme op"]
[White "Bevc Taranis, Tin"]
[Black "Levstik, Taja"]
[Site "Otocec"]
[Round "4"]
[Result "1-0"]
[Date "2018.12.26"]
[WhiteElo "1050"]
[BlackElo "1588"]
[PlyCount "73"]
[EventDate "2018.12.25"]
[EventType "swiss"]
[EventRounds "9"]
[EventCountry "SLO"]
[SourceTitle "EXT 2020"]
[Source "ChessBase"]
[SourceDate "2019.10.17"]
[SourceVersion "1"]
[SourceVersionDate "2019.10.17"]
[SourceQuality "1"]

1. e4 e5 2. Nf3 Nc6 3. Bc4 Nf6 4. Ng5 d5 5. exd5 Na5 6. Bb5+ c6 7. dxc6 bxc6 8. Ba4 Bd6 9. 0-0 h6 10. Nf3 0-0 11. h3 e4 12. Nd4 c5 13. Nb3 Nxb3 14. Bxb3 Bd7 15. Nc3 Qc8 16. f3 c4 17. Ba4 Be6 18. Nxe4 Nxe4 19. fxe4 Bxh3 20. Qf3 Bg4 21. Qc3 Bb8 22. d4 f6 23. Bf4 Bxf4 24. Rxf4 Bh5 25. b3 Qd8 26. Qxc4+ Kh8 27. d5 g5 28. Rf2 Rc8 29. Qd4 a5 30. c4 Kg8 31. c5 g4 32. g3 Bf7 33. Rxf6 h5 34. Qe5 Re8 35. Bxe8 Bxe8 36. Qg5+ Kh8 37. Rh6# 1-0

[Event "SLO-chT U16"]
[White "Cigut, Matjaz"]
[Black "Bevc Taranis, Tin"]
[Site "Murska Sobota"]
[Round "3"]
[Result "0-1"]
[Date "2018.05.12"]
[WhiteElo "1500"]
[BlackElo "1063"]
[PlyCount "54"]
[EventDate "2018.05.11"]
[EventType "team-swiss"]
[EventRounds "5"]
[EventCountry "SLO"]
[SourceTitle "EXT 2020"]
[Source "ChessBase"]
[SourceDate "2019.10.17"]
[SourceVersion "1"]
[SourceVersionDate "2019.10.17"]
[SourceQuality "1"]

1. e4 e5 2. Nf3 Nc6 3. Bb5 d6 4. h3 a6 5. Ba4 Be7 6. 0-0 Nf6 7. d3 h6 8. c3 b5 9. Bc2 0-0 10. Re1 Re8 11. Nbd2 d5 12. exd5 Qxd5 13. Nh4 Be6 14. Nf1 Rad8 15. Ng3 b4 16. c4 Qd4 17. Nhf5 Bxf5 18. Nxf5 Qd7 19. Ba4 Qxf5 20. Bxc6 Rxd3 21. Qe2 Red8 22. b3 R8d6 23. Bf3 Re6 24. Bb7 Rb6 25. Bf3 Bd6 26. Bb2 Rb8 27. g4 Qxf3 0-1